[Event "Madrid ch 2009 - Semifinal A"]
[Site "Madrid ESP"]
[Date "2009.01.26"]
[Round "7.10"]
[White "Ruiz Quevedo, Andres"]
[Black "Garcia Gutierrez, Jose"]
[Result "0-1"]
[WhiteElo "1889"]
[BlackElo "2060"]
[PlyCount "64"]
[EventDate "2009.01.12"]
[EventType "swiss"]
[EventRounds "9"]
[EventCountry "ESP"]
[Source "lmi"]
[SourceDate "2009.01.12"]

1. c4 e5 2. b3 Nc6 3. Bb2 Nf6 4. e3 d5 5. cxd5 Nxd5 6. a3 Bd6 7. d3 O-O 8. Nf3
Qe7 9. Be2 f5 10. Nbd2 Kh8 11. Qc2 Bd7 12. O-O Rae8 13. Rfd1 f4 14. e4 Nf6 15.
b4 Bg4 16. Rac1 a6 17. Nb3 Bxf3 18. Bxf3 g5 19. d4 g4 20. Be2 Qg7 21. Bf1 g3
22. fxg3 fxg3 23. hxg3 Ng4 24. dxe5 Bxe5 25. Bxe5 Ncxe5 26. Nd4 Qh6 27. Nf3
Qe3+ 28. Kh1 Nf2+ 29. Kh2 Neg4+ 30. Kg1 Nxe4+ 31. Qf2 Qxf2+ 32. Kh1 Nxg3# 0-1

[Event "Madrid ch 2009 - Semifinal A"]
[Site "Madrid ESP"]
[Date "2009.01.26"]
[Round "7.11"]
[White "Cortes Jurado, Rafael"]
[Black "Garcia Gonzalez, Pedro A"]
[Result "1-0"]
[WhiteElo "2050"]
[BlackElo "1927"]
[PlyCount "65"]
[EventDate "2009.01.12"]
[EventType "swiss"]
[EventRounds "9"]
[EventCountry "ESP"]
[Source "lmi"]
[SourceDate "2009.01.12"]

1. e4 e5 2. Nf3 Nc6 3. Bb5 a6 4. Ba4 Nf6 5. O-O Be7 6. Re1 b5 7. Bb3 O-O 8. a4
b4 9. a5 d6 10. d3 Be6 11. Bxe6 fxe6 12. c3 Rb8 13. d4 bxc3 14. bxc3 Rb5 15. c4
Rb4 16. d5 exd5 17. exd5 Nb8 18. Ng5 Qc8 19. Ne6 Rf7 20. Nd2 Nbd7 21. Ba3 Rb8
22. Qa4 Ne8 23. Rab1 Rxb1 24. Rxb1 Nf8 25. Ne4 Nxe6 26. dxe6 Rf4 27. Qc6 Kf8
28. c5 Qxe6 29. Rb8 Qf7 30. cxd6 cxd6 31. Nxd6 Rd4 32. Rxe8+ Qxe8 33. Qxe8# 1-0

[Event "Madrid ch 2009 - Semifinal A"]
[Site "Madrid ESP"]
[Date "2009.01.26"]
[Round "7.12"]
[White "Andalon Gomez, Carlos J"]
[Black "Garcia Esteban, Juan Ignacio"]
[Result "1-0"]
[WhiteElo "1999"]
[BlackElo "2071"]
[PlyCount "117"]
[EventDate "2009.01.12"]
[EventType "swiss"]
[EventRounds "9"]
[EventCountry "ESP"]
[Source "lmi"]
[SourceDate "2009.01.12"]

1. d4 Nf6 2. c4 g6 3. Nc3 d5 4. cxd5 Nxd5 5. e4 Nxc3 6. bxc3 Bg7 7. Nf3 O-O 8.
Rb1 c5 9. Be2 Nc6 10. d5 Ne5 11. Nxe5 Bxe5 12. Bb2 f5 13. O-O Qc7 14. c4 Bxh2+
15. Kh1 Be5 16. exf5 Bxb2 17. Rxb2 Qe5 18. Rb3 Qxf5 19. Re3 Qg5 20. Bf3 Qf4 21.
Qe2 Rf7 22. Re4 Qg5 23. Re1 Kf8 24. Qb2 Kg8 25. Qe2 Kf8 26. Re5 Bf5 27. Qb2 Kg8
28. Qxb7 Re8 29. Qc6 Qh4+ 30. Kg1 Rc8 31. Qb7 Re8 32. Qxa7 Bd3 33. Qxc5 Qxc4
34. Qxc4 Bxc4 35. a3 Kf8 36. d6 e6 37. Rc5 Bb3 38. Rb5 Ba4 39. Rb4 Bd7 40. a4
Bc8 41. Bc6 Bd7 42. Bb7 Rf5 43. Rc1 Rd8 44. Bc6 Bxc6 45. Rxc6 Rd5 46. Rbb6 Kf7
47. f3 Rd1+ 48. Kf2 Rd2+ 49. Ke3 Rxg2 50. Rb7+ Kf6 51. Rxh7 Rg5 52. d7 Re5+ 53.
Kf4 Rd5 54. Rc7 Rd4+ 55. Ke3 Rxa4 56. Rc8 Ra8 57. Rxa8 Rxa8 58. Kd4 Ra5 59.
d8=Q+ 1-0

[Event "Madrid ch 2009 - Semifinal A"]
[Site "Madrid ESP"]
[Date "2009.01.27"]
[Round "8.1"]
[White "Lopez Melgar, Enrique"]
[Black "Longa Yauca, Javier"]
[Result "1/2-1/2"]
[WhiteElo "2217"]
[BlackElo "2312"]
[PlyCount "105"]
[EventDate "2009.01.12"]
[EventType "swiss"]
[EventRounds "9"]
[EventCountry "ESP"]
[Source "lmi"]
[SourceDate "2009.01.12"]

1. e4 Nf6 2. e5 Nd5 3. d4 d6 4. c4 Nb6 5. exd6 cxd6 6. Nc3 g6 7. Be3 Bg7 8. Rc1
O-O 9. h3 d5 10. b3 Be6 11. c5 N6d7 12. Nf3 Nc6 13. Be2 Nxc5 14. dxc5 d4 15.
Nxd4 Nxd4 16. O-O Bf5 17. Bxd4 Bxd4 18. Nb5 Bb2 19. Rc4 a6 20. Nd4 Be6 21. Nxe6
fxe6 22. Re4 e5 23. Rb4 Bd4 24. Rxb7 Qc8 25. Bf3 Qxc5 26. Qd3 Kh8 27. b4 Qd6
28. Rd1 Rac8 29. a4 Rf6 30. b5 axb5 31. Rxb5 Rcf8 32. Rb3 Qc5 33. Rd2 Rd6 34.
Qc2 Rc8 35. Qxc5 Rxc5 36. Kf1 Rc1+ 37. Ke2 Ra1 38. Rb4 Bc3 39. Rxd6 exd6 40.
Rb6 Rxa4 41. Rxd6 e4 42. Bg4 Bd4 43. Be6 Rb4 44. Bd5 Rb2+ 45. Kd1 Rxf2 46. Bxe4
Be5 47. Rd7 Bf4 48. Ke1 Rb2 49. Kd1 Rb4 50. Bd5 Rd4+ 51. Ke2 g5 52. Bc6 Rxd7
53. Bxd7 1/2-1/2

[Event "Madrid ch 2009 - Semifinal A"]
[Site "Madrid ESP"]
[Date "2009.01.27"]
[Round "8.2"]
[White "Ballesteros Gonzalez, David"]
[Black "Fraga Castro, Jose Carlos"]
[Result "1/2-1/2"]
[WhiteElo "2271"]
[BlackElo "2187"]
[PlyCount "82"]
[EventDate "2009.01.12"]
[EventType "swiss"]
[EventRounds "9"]
[EventCountry "ESP"]
[Source "lmi"]
[SourceDate "2009.01.12"]

1. d4 g6 2. Nf3 f5 3. h4 Nf6 4. Bg5 Bg7 5. Bxf6 Bxf6 6. h5 e6 7. Nbd2 Nc6 8. c3
d5 9. e3 e5 10. dxe5 Nxe5 11. Nxe5 Bxe5 12. Qb3 c6 13. O-O-O Qc7 14. c4 Be6 15.
Qa3 Qe7 16. Qxe7+ Kxe7 17. Nf3 Bf6 18. Nd2 dxc4 19. Bxc4 Rad8 20. Bxe6 Kxe6 21.
Nb3 b6 22. Rxd8 Rxd8 23. hxg6 hxg6 24. Rh6 Kf7 25. Rh7+ Bg7 26. Rh4 c5 27. Kc2
Rh8 28. Rxh8 Bxh8 29. Nd2 Ke6 30. b3 b5 31. Kd3 Kd5 32. f3 Bf6 33. g3 Bd8 34.
e4+ fxe4+ 35. fxe4+ Ke6 36. Nf3 Bc7 37. g4 Bb6 38. Nh4 Kf6 39. Nf3 Ke6 40. Kc3
Ba5+ 41. Kd3 Bb6 1/2-1/2

[Event "Madrid ch 2009 - Semifinal A"]
[Site "Madrid ESP"]
[Date "2009.01.27"]
[Round "8.3"]
[White "Hernandez Gallardo, Francisco Javier"]
[Black "Rodriguez Gonzalez, Javier"]
[Result "1-0"]
[WhiteElo "2281"]
[BlackElo "2262"]
[PlyCount "65"]
[EventDate "2009.01.12"]
[EventType "swiss"]
[EventRounds "9"]
[EventCountry "ESP"]
[Source "lmi"]
[SourceDate "2009.01.12"]

1. e4 e6 2. d3 d5 3. Nd2 Nf6 4. c3 a5 5. Ngf3 Nc6 6. Be2 Be7 7. O-O O-O 8. Qc2
b6 9. Re1 dxe4 10. dxe4 Bb7 11. Nf1 Ng4 12. Bf4 Bc5 13. Bg3 Qc8 14. a3 Ba6 15.
Bxa6 Qxa6 16. h3 Nf6 17. Bxc7 a4 18. Rad1 Rac8 19. Bd6 Rfd8 20. Bxc5 bxc5 21.
Rxd8+ Rxd8 22. e5 Nd7 23. Ng5 Nf8 24. Re4 Ra8 25. Ne3 h6 26. Nf3 Nd7 27. Ng4
Nb6 28. Qd2 Rd8 29. Qe3 Rd1+ 30. Kh2 Nd7 31. Nxh6+ gxh6 32. Qxh6 Ne7 33. Ng5
1-0

[Event "Madrid ch 2009 - Semifinal A"]
[Site "Madrid ESP"]
[Date "2009.01.27"]
[Round "8.4"]
[White "De la Fuente Gonzalez, Francisco"]
[Black "Salcedo Tornero, Pablo"]
[Result "1/2-1/2"]
[WhiteElo "2176"]
[BlackElo "2158"]
[PlyCount "91"]
[EventDate "2009.01.12"]
[EventType "swiss"]
[EventRounds "9"]
[EventCountry "ESP"]
[Source "lmi"]
[SourceDate "2009.01.12"]

1. Nf3 d6 2. c4 g6 3. g3 Bg7 4. Bg2 Nc6 5. O-O e5 6. Nc3 f5 7. d3 Nf6 8. Nd5
O-O 9. Bg5 Ne7 10. Nxf6+ Bxf6 11. Bxf6 Rxf6 12. c5 f4 13. Rc1 Kg7 14. Qc2 Nc6
15. Qc3 Qe7 16. cxd6 cxd6 17. b4 Bd7 18. b5 Nd8 19. Qb4 fxg3 20. hxg3 Rc8 21.
Rxc8 Bxc8 22. Rc1 Bf5 23. Ng5 Rf8 24. Ne4 Bxe4 25. Qxe4 Qf7 26. Bf3 Qf6 27.
Rc7+ Rf7 28. Qc4 h5 29. Kg2 b6 30. Rxf7+ Qxf7 31. Bd5 Qe7 32. a4 Nf7 33. Qc8
Nh6 34. Qb8 Ng4 35. Qg8+ Kf6 36. Qh8+ Qg7 37. Qd8+ Qe7 38. Qg8 Nh6 39. Qh8+ Qg7
40. Qd8+ Qe7 41. Qb8 h4 42. Qh8+ Qg7 43. Qd8+ Qe7 44. Qxe7+ Kxe7 45. gxh4 Nf5
46. Kh3 1/2-1/2

[Event "Madrid ch 2009 - Semifinal A"]
[Site "Madrid ESP"]
[Date "2009.01.27"]
[Round "8.5"]
[White "Martin Rodriguez, Emilio"]
[Black "Ciuro Munoz, Ricardo"]
[Result "1-0"]
[WhiteElo "2133"]
[BlackElo "2071"]
[PlyCount "77"]
[EventDate "2009.01.12"]
[EventType "swiss"]
[EventRounds "9"]
[EventCountry "ESP"]
[Source "lmi"]
[SourceDate "2009.01.12"]

1. d4 e6 2. c4 Nf6 3. Nf3 b6 4. g3 Bb7 5. Bg2 Be7 6. Nc3 O-O 7. d5 Bb4 8. O-O
Bxc3 9. bxc3 exd5 10. Nh4 c6 11. cxd5 Nxd5 12. c4 Nf6 13. Bb2 d5 14. cxd5 cxd5
15. Nf5 Nbd7 16. Qd2 Nc5 17. Nxg7 Ne6 18. Nf5 Rb8 19. f3 Re8 20. Be5 Nd7 21.
Nh6+ Kf8 22. Bd6+ Kg7 23. Nf5+ Kg8 24. Bxb8 Qxb8 25. e4 Qe5 26. f4 Qf6 27. Nd6
Rb8 28. Nxb7 Rxb7 29. Qxd5 Ndc5 30. Rad1 Rd7 31. Qa8+ Qd8 32. Qxd8+ Rxd8 33.
Rxd8+ Nxd8 34. e5 Nde6 35. Rd1 Nc7 36. f5 Kg7 37. g4 Nb5 38. h4 h6 39. Rd8 1-0

[Event "Madrid ch 2009 - Semifinal A"]
[Site "Madrid ESP"]
[Date "2009.01.27"]
[Round "8.6"]
[White "Vukotic Jovsic, Dragan"]
[Black "Tejedor Ariza, Francisco"]
[Result "0-1"]
[WhiteElo "1995"]
[BlackElo "2089"]
[PlyCount "68"]
[EventDate "2009.01.12"]
[EventType "swiss"]
[EventRounds "9"]
[EventCountry "ESP"]
[Source "lmi"]
[SourceDate "2009.01.12"]

1. d4 d5 2. e3 Nf6 3. Bd3 c6 4. Nf3 Bg4 5. h3 Bh5 6. Nbd2 e6 7. O-O Bd6 8. c4
Nbd7 9. c5 Bc7 10. Qc2 Bg6 11. b4 O-O 12. a4 e5 13. Bxg6 hxg6 14. dxe5 Nxe5 15.
Nxe5 Bxe5 16. Bb2 Qe7 17. Bxe5 Qxe5 18. b5 Rfc8 19. Rab1 cxb5 20. axb5 Nd7 21.
Nb3 Nxc5 22. Nxc5 Qe7 23. Rfc1 b6 24. Qb3 Rxc5 25. Rxc5 Qxc5 26. Rd1 Qc4 27.
Qxc4 dxc4 28. Rd6 Re8 29. Rc6 Re5 30. Rxc4 Rxb5 31. Rc8+ Kh7 32. Rc7 a5 33.
Rxf7 a4 34. Ra7 Ra5 0-1

[Event "Madrid ch 2009 - Semifinal A"]
[Site "Madrid ESP"]
[Date "2009.01.27"]
[Round "8.7"]
[White "Pardo Robles, Jose Manuel"]
[Black "Lopez Andujar Ocana, Antonio"]
[Result "0-1"]
[WhiteElo "1946"]
[BlackElo "2137"]
[PlyCount "63"]
[EventDate "2009.01.12"]
[EventType "swiss"]
[EventRounds "9"]
[EventCountry "ESP"]
[Source "lmi"]
[SourceDate "2009.01.12"]

1. d4 Nf6 2. c4 e6 3. Nf3 c5 4. Nc3 cxd4 5. Nxd4 Nc6 6. g3 Qb6 7. Ndb5 d5 8.
cxd5 Bc5 9. e3 exd5 10. Nxd5 Nxd5 11. Qxd5 O-O 12. Nc3 Nb4 13. Qe4 Bd7 14. Bd3
g6 15. Qc4 Be6 16. Qb5 Qxb5 17. Bxb5 Nc2+ 18. Ke2 Nxa1 19. Bd2 Nc2 20. a3 a6
21. Bd3 Nxa3 22. bxa3 Bxa3 23. Rb1 b5 24. Ne4 Be7 25. Bc3 f5 26. Nd2 Bf6 27.
Bxf6 Rxf6 28. Nf3 Rff8 29. Nd4 Bc4 30. Bxc4+ bxc4 31. Rb7 a5 32. Kd2 0-1

[Event "Madrid ch 2009 - Semifinal A"]
[Site "Madrid ESP"]
[Date "2009.01.27"]
[Round "8.8"]
[White "Garcia Gutierrez, Jose"]
[Black "Cortes Jurado, Rafael"]
[Result "1/2-1/2"]
[WhiteElo "2060"]
[BlackElo "2050"]
[PlyCount "107"]
[EventDate "2009.01.12"]
[EventType "swiss"]
[EventRounds "9"]
[EventCountry "ESP"]
[Source "lmi"]
[SourceDate "2009.01.12"]

1. e4 c5 2. d4 cxd4 3. c3 Nf6 4. e5 Nd5 5. Nf3 Nc6 6. Bc4 Nb6 7. Bb3 d6 8. exd6
Qxd6 9. O-O Be6 10. Na3 dxc3 11. Qe2 Bxb3 12. Nb5 Qd7 13. axb3 O-O-O 14. Be3
Qd3 15. Qxd3 Rxd3 16. Bxb6 axb6 17. Ra8+ Kd7 18. bxc3 g6 19. Rb1 Bg7 20. Rxh8
Bxh8 21. c4 Na5 22. Kf1 Nxb3 23. Ke2 Nc5 24. Ng5 f6 25. Ne4 Nxe4 26. Kxd3 Nxf2+
27. Ke2 Ne4 28. Rd1+ Nd6 29. Nxd6 exd6 30. Rd5 f5 31. Kf3 Kc6 32. g4 fxg4+ 33.
Kxg4 Bf6 34. h3 h6 35. Kf4 Bc3 36. Kg4 Bb4 37. h4 Bc5 38. h5 gxh5+ 39. Rxh5 b5
40. cxb5+ Kxb5 41. Kf3 Kc4 42. Ke2 Kb3 43. Kd3 b5 44. Rxh6 b4 45. Rh2 Bg1 46.
Rh1 Bc5 47. Rb1+ Ka2 48. Kc2 d5 49. Rb3 d4 50. Rd3 Bb6 51. Rb3 Bc5 52. Rb2+ Ka3
53. Rb1 Ka2 54. Rb3 1/2-1/2

[Event "Madrid ch 2009 - Semifinal A"]
[Site "Madrid ESP"]
[Date "2009.01.27"]
[Round "8.10"]
[White "Fernandez Aransay, Fernando"]
[Black "Andalon Gomez, Carlos J"]
[Result "0-1"]
[WhiteElo "1956"]
[BlackElo "1999"]
[PlyCount "74"]
[EventDate "2009.01.12"]
[EventType "swiss"]
[EventRounds "9"]
[EventCountry "ESP"]
[Source "lmi"]
[SourceDate "2009.01.12"]

1. e4 c6 2. d4 d5 3. exd5 cxd5 4. c4 Nf6 5. Nc3 e6 6. Nf3 a6 7. Ne5 Be7 8. cxd5
Nxd5 9. Bd3 Bf6 10. O-O b5 11. Qh5 g6 12. Qh6 Nxc3 13. bxc3 Bb7 14. Ba3 Nd7 15.
Rfd1 Bg5 16. Qh3 Be7 17. Nxg6 fxg6 18. Bxg6+ hxg6 19. Qxh8+ Nf8 20. Qg7 Rc8 21.
Rd3 Be4 22. Bxe7 Qxe7 23. Qxe7+ Kxe7 24. Re3 Bd5 25. a3 Nd7 26. f4 Nb6 27. Rh3
Kf6 28. g4 Na4 29. Re1 Nxc3 30. Rh7 Ne4 31. h3 g5 32. fxg5+ Nxg5 33. Rf1+ Kg6
34. Rh5 Nf3+ 35. Kf2 Nxd4 36. h4 Rf8+ 37. Kg1 Ne2+ 0-1

[Event "Madrid ch 2009 - Semifinal A"]
[Site "Madrid ESP"]
[Date "2009.01.27"]
[Round "8.11"]
[White "Quintero Torres, Pedro"]
[Black "Perez Cameselle, Francisco Jose"]
[Result "0-1"]
[WhiteElo "2046"]
[BlackElo "1996"]
[PlyCount "144"]
[EventDate "2009.01.12"]
[EventType "swiss"]
[EventRounds "9"]
[EventCountry "ESP"]
[Source "lmi"]
[SourceDate "2009.01.12"]

1. e4 g6 2. d4 Bg7 3. Nc3 c6 4. Nf3 d6 5. Be3 Nf6 6. h3 O-O 7. Bd3 Nbd7 8. O-O
e5 9. dxe5 dxe5 10. Qd2 Qe7 11. Bh6 Rd8 12. Bxg7 Kxg7 13. Qe3 Ne8 14. a3 Nc7
15. Bc4 Nb6 16. Bb3 Be6 17. Rad1 Bxb3 18. cxb3 f6 19. Nh4 Ne6 20. Ne2 Rxd1 21.
Rxd1 Rd8 22. Rd3 Rxd3 23. Qxd3 Qd7 24. Qxd7+ Nxd7 25. b4 b5 26. Nf3 Nb6 27. b3
Kf7 28. Kf1 Ke7 29. Ke1 Kd6 30. Kd2 a6 31. g3 c5 32. Kc3 Kc6 33. bxc5 Nxc5 34.
Nd2 Nc8 35. f3 Nd6 36. g4 f5 37. gxf5 gxf5 38. exf5 Nxf5 39. Ne4 Nxe4+ 40. fxe4
Nd6 41. Kd3 a5 42. a4 bxa4 43. bxa4 Kc5 44. Ng3 Kb4 45. Nf5 Nf7 46. Ne7 Kxa4
47. Kc4 Ka3 48. Nc6 a4 49. Kc3 Ka2 50. h4 Kb1 51. Kb4 Kc2 52. Kxa4 Kd3 53. Kb4
Kxe4 54. Kc4 h5 55. Ne7 Nd6+ 56. Kc3 Nf5 57. Ng6 Ne3 58. Kd2 Ng2 59. Kd1 Kf5
60. Ne7+ Kg4 61. Ng6 e4 62. Ne5+ Kxh4 63. Ke2 Kg3 64. Kf1 h4 65. Kg1 h3 66. Nc4
e3 67. Ne5 e2 68. Nd3 e1=Q+ 69. Nxe1 Nxe1 70. Kh1 Nd3 71. Kg1 h2+ 72. Kh1 Nf2#
0-1

[Event "Madrid ch 2009 - Semifinal A"]
[Site "Madrid ESP"]
[Date "2009.01.27"]
[Round "8.12"]
[White "Garcia Gonzalez, Pedro A"]
[Black "Ruiz Quevedo, Andres"]
[Result "0-1"]
[WhiteElo "1927"]
[BlackElo "1889"]
[PlyCount "174"]
[EventDate "2009.01.12"]
[EventType "swiss"]
[EventRounds "9"]
[EventCountry "ESP"]
[Source "lmi"]
[SourceDate "2009.01.12"]

1. d4 Nf6 2. Nf3 e6 3. e3 c5 4. Bd3 b6 5. b3 Bb7 6. Nbd2 Be7 7. Bb2 O-O 8. O-O
Nc6 9. a3 Rc8 10. Qe2 cxd4 11. exd4 Nd5 12. g3 Nb8 13. c4 Nf6 14. Rfd1 d6 15.
Rac1 Nbd7 16. Bb1 Re8 17. Ne4 Nxe4 18. Bxe4 Bxe4 19. Qxe4 Nf6 20. Qf4 d5 21.
Ne5 Bd6 22. Qe3 Qe7 23. b4 dxc4 24. Nxc4 Nd5 25. Qe4 Qd7 26. Ne3 Nf6 27. Qd3
Rxc1 28. Rxc1 Be7 29. Qa6 h6 30. Rc2 Bf8 31. Rc1 Rb8 32. Rc2 Rb7 33. Qc4 b5 34.
Qc8 Qxc8 35. Rxc8 Rd7 36. f3 Rd6 37. Kf2 Nd5 38. Nxd5 Rxd5 39. Rc7 a6 40. Rc6
Rd6 41. Rc7 Rb6 42. Bc3 Bd6 43. Rc8+ Kh7 44. Ke3 Rb7 45. Ra8 Rc7 46. Kd3 Rc6
47. Ra7 Kg6 48. f4 h5 49. Rb7 Bc7 50. Ra7 Bd8 51. Rb7 Rc7 52. Rb8 Bf6 53. Rb6
Ra7 54. Rc6 Kf5 55. h3 h4 56. Rc5+ Kg6 57. g4 Bd8 58. Rc6 Bc7 59. f5+ Kg5 60.
fxe6 fxe6 61. Rxe6 Kf4 62. d5 Kg3 63. Re3+ Kg2 64. Ke4 Bg3 65. Be5 Kxh3 66. d6
Kxg4 67. Kd5 Bxe5 68. Kxe5 h3 69. Ke6 h2 70. Re1 g5 71. d7 Rxd7 72. Kxd7 Kf3
73. Kc6 g4 74. Kb6 g3 75. Kxa6 g2 76. Kxb5 g1=Q 77. Rxg1 hxg1=Q 78. a4 Qg5+ 79.
Kb6 Qf6+ 80. Kc5 Qe7+ 81. Kb5 Qb7+ 82. Kc5 Qa7+ 83. Kb5 Ke4 84. a5 Kd5 85. a6
Kd6 86. Ka5 Kc7 87. Kb5 Qb6+ 0-1

[Event "Madrid ch 2009 - Semifinal A"]
[Site "Madrid ESP"]
[Date "2009.01.27"]
[Round "8.13"]
[White "Garcia Esteban, Juan Ignacio"]
[Black "Cano Mercado, Francisco Manuel"]
[Result "0-1"]
[WhiteElo "2071"]
[BlackElo "1907"]
[PlyCount "146"]
[EventDate "2009.01.12"]
[EventType "swiss"]
[EventRounds "9"]
[EventCountry "ESP"]
[Source "lmi"]
[SourceDate "2009.01.12"]

1. e4 c6 2. d4 d5 3. Nd2 dxe4 4. Nxe4 Bf5 5. Ng3 Bg6 6. Nf3 Nd7 7. Bd3 Bxd3 8.
Qxd3 e6 9. Bf4 Ngf6 10. O-O Be7 11. Rfe1 O-O 12. Rad1 c5 13. Qb5 Qb6 14. Qxb6
Nxb6 15. c3 cxd4 16. Nxd4 Nbd5 17. Bc1 Rac8 18. h3 a6 19. Ne4 Rfd8 20. Nxf6+
Bxf6 21. Nf3 h6 22. g3 b5 23. Nd2 Bxc3 24. Rf1 Ba5 25. Nb3 Bb6 26. a3 Rc7 27.
Na1 Rc6 28. Bd2 Rdc8 29. Rc1 Nf6 30. Kg2 Ne4 31. Rxc6 Rxc6 32. Be3 Bxe3 33.
fxe3 Nd2 34. Rf2 Nc4 35. Re2 Rd6 36. Kf2 e5 37. Nb3 f5 38. Kf3 g5 39. Kf2 a5
40. h4 Kg7 41. hxg5 hxg5 42. Nc5 Kg6 43. a4 Rd5 44. Nb7 bxa4 45. Rc2 Nd2 46.
Ke2 Ne4 47. Kf3 g4+ 48. Kg2 Rb5 49. Nd8 Rc5 50. Rxc5 Nxc5 51. Nc6 Nd3 52. Nxa5
Nxb2 53. Kf2 Kg5 54. Kg2 Nd1 55. Nc4 a3 56. Nxa3 Nxe3+ 57. Kf2 f4 58. Nb1 Nf5
59. Nd2 Nxg3 60. Nc4 Kf6 61. Nd2 Kf5 62. Nc4 Ne4+ 63. Kf1 g3 64. Kg2 Ng5 65.
Nd6+ Kg4 66. Nc4 f3+ 67. Kh1 Kf4 68. Nd2 e4 69. Nc4 e3 70. Nb2 e2 71. Nd3+ Ke3
72. Ne1 f2 73. Ng2+ Kd2 0-1

[Event "Madrid ch 2009 - Semifinal A"]
[Site "Madrid ESP"]
[Date "2009.01.28"]
[Round "9.1"]
[White "Longa Yauca, Javier"]
[Black "De la Fuente Gonzalez, Francisco"]
[Result "0-1"]
[WhiteElo "2312"]
[BlackElo "2176"]
[PlyCount "98"]
[EventDate "2009.01.12"]
[EventType "swiss"]
[EventRounds "9"]
[EventCountry "ESP"]
[Source "lmi"]
[SourceDate "2009.01.12"]

1. d4 d5 2. Nf3 Nf6 3. c4 c6 4. e3 g6 5. Nc3 Bg7 6. Bd3 O-O 7. Ne5 Nbd7 8. f4
c5 9. O-O cxd4 10. exd4 dxc4 11. Bxc4 Nb6 12. Bb3 Nbd5 13. Qf3 Be6 14. Kh1 Qd6
15. Bd2 Rac8 16. Rae1 Nxc3 17. Bxe6 fxe6 18. bxc3 Qd5 19. a4 Qxf3 20. Rxf3 Rfd8
21. Rb1 b6 22. Re1 Nd5 23. g4 Rf8 24. Ref1 Bxe5 25. fxe5 Rxf3 26. Rxf3 Kg7 27.
Rf1 a5 28. Kg2 g5 29. Kf3 Rc7 30. Rc1 Rc4 31. Ke4 Kg6 32. Ra1 Rc8 33. Kd3 Nf4+
34. Bxf4 gxf4 35. Rb1 Kg5 36. Rxb6 Kxg4 37. Rxe6 Rf8 38. Rxe7 f3 39. Rg7+ Kh3
40. Rg1 Kxh2 41. Ra1 f2 42. Ke2 Kg2 43. e6 Rf4 44. d5 Re4+ 45. Kd3 Re1 46. Ra2
Kf3 47. Rxf2+ Kxf2 48. Kd4 h5 49. c4 h4 0-1

[Event "Madrid ch 2009 - Semifinal A"]
[Site "Madrid ESP"]
[Date "2009.01.28"]
[Round "9.2"]
[White "Hernandez Gallardo, Francisco Javier"]
[Black "Lopez Melgar, Enrique"]
[Result "1-0"]
[WhiteElo "2281"]
[BlackElo "2217"]
[PlyCount "83"]
[EventDate "2009.01.12"]
[EventType "swiss"]
[EventRounds "9"]
[EventCountry "ESP"]
[Source "lmi"]
[SourceDate "2009.01.12"]

1. e4 c5 2. Nf3 Nc6 3. Bb5 g6 4. Bxc6 dxc6 5. d3 Bg7 6. h3 e5 7. Nc3 Ne7 8. Be3
b6 9. Qd2 h6 10. O-O g5 11. Ne2 Be6 12. Ng3 O-O 13. Nh5 Ng6 14. Nxg7 Kxg7 15.
Qc3 Qd6 16. a3 f6 17. b4 cxb4 18. axb4 g4 19. hxg4 Bxg4 20. Nh2 h5 21. d4 exd4
22. Qxd4 Qxd4 23. Bxd4 Rfd8 24. c3 Nf4 25. Be3 Ne2+ 26. Kh1 Nxc3 27. Rfc1 Nxe4
28. Rxc6 Rd1+ 29. Rxd1 Bxd1 30. Rc1 Ba4 31. Nf3 Rd8 32. Nd4 Kf7 33. Ra1 b5 34.
Rc1 a6 35. f3 Nd2 36. Rc7+ Kg8 37. Nf5 Rd3 38. Nh6+ Kf8 39. Bc5+ Ke8 40. Nf7
Rd7 41. Nd6+ Ke7 42. Ne4+ 1-0

[Event "Madrid ch 2009 - Semifinal A"]
[Site "Madrid ESP"]
[Date "2009.01.28"]
[Round "9.3"]
[White "Fraga Castro, Jose Carlos"]
[Black "Martin Rodriguez, Emilio"]
[Result "1-0"]
[WhiteElo "2187"]
[BlackElo "2133"]
[PlyCount "61"]
[EventDate "2009.01.12"]
[EventType "swiss"]
[EventRounds "9"]
[EventCountry "ESP"]
[Source "lmi"]
[SourceDate "2009.01.12"]

1. b3 d5 2. Bb2 e6 3. f4 Nf6 4. Nf3 Be7 5. e3 c5 6. Ne5 a6 7. Bd3 Nbd7 8. O-O
Qc7 9. Qf3 b6 10. Qg3 Rg8 11. Qh3 Bb7 12. c4 Bd6 13. Nxd7 Qxd7 14. Nc3 dxc4 15.
bxc4 Bc7 16. Bc2 O-O-O 17. Rad1 h5 18. Qh4 Qe7 19. Qg5 h4 20. Be4 Rd7 21. Bxb7+
Kxb7 22. Qxh4 Rgd8 23. Qf2 g5 24. Qf3+ Ka7 25. fxg5 Ne8 26. Ne4 f5 27. gxf6 Qh7
28. g3 Nd6 29. Ng5 Qc2 30. Bc3 Re8 31. Qc6 1-0

[Event "Madrid ch 2009 - Semifinal A"]
[Site "Madrid ESP"]
[Date "2009.01.28"]
[Round "9.4"]
[White "Salcedo Tornero, Pablo"]
[Black "Ballesteros Gonzalez, David"]
[Result "0-1"]
[WhiteElo "2158"]
[BlackElo "2271"]
[PlyCount "74"]
[EventDate "2009.01.12"]
[EventType "swiss"]
[EventRounds "9"]
[EventCountry "ESP"]
[Source "lmi"]
[SourceDate "2009.01.12"]

1. e4 c5 2. Nc3 Nc6 3. g3 g6 4. Bg2 Bg7 5. d3 d6 6. f4 e5 7. Be3 Nf6 8. Nf3 Nd4
9. fxe5 Ng4 10. Bg1 Nxf3+ 11. Qxf3 Nxe5 12. Qf4 h5 13. Be3 Bh6 14. Qxh6 Rxh6
15. Bxh6 Be6 16. Rf1 g5 17. h3 Qe7 18. Bg7 Nd7 19. Nb5 O-O-O 20. Bc3 a6 21. Na3
d5 22. O-O-O d4 23. Bd2 Ne5 24. b3 b5 25. Nb1 c4 26. Be1 Kb8 27. Kb2 c3+ 28.
Nxc3 dxc3+ 29. Bxc3 Nc6 30. Bf6 Qd7 31. Bxd8 Nxd8 32. h4 Qd4+ 33. Kb1 gxh4 34.
gxh4 a5 35. Bf3 a4 36. Bxh5 a3 37. Kc1 Qc3 0-1

[Event "Madrid ch 2009 - Semifinal A"]
[Site "Madrid ESP"]
[Date "2009.01.28"]
[Round "9.5"]
[White "Tejedor Ariza, Francisco"]
[Black "Lopez Andujar Ocana, Antonio"]
[Result "1-0"]
[WhiteElo "2089"]
[BlackElo "2137"]
[PlyCount "85"]
[EventDate "2009.01.12"]
[EventType "swiss"]
[EventRounds "9"]
[EventCountry "ESP"]
[Source "lmi"]
[SourceDate "2009.01.12"]

1. e4 e5 2. Nf3 Nc6 3. Bb5 a6 4. Bxc6 dxc6 5. d4 exd4 6. Qxd4 Qxd4 7. Nxd4 Bd7
8. Be3 O-O-O 9. Nd2 c5 10. Ne2 Nf6 11. f3 h6 12. h4 Bc6 13. O-O-O b6 14. Ng3 g6
15. Nc4 Nd7 16. h5 Bg7 17. hxg6 fxg6 18. Ne2 Bb5 19. b3 Bxc4 20. bxc4 Ne5 21.
Rxd8+ Rxd8 22. Bd2 Nxc4 23. Bc3 Bxc3 24. Nxc3 h5 25. Nd5 Rd6 26. f4 c6 27. Ne7+
Kd8 28. e5 Re6 29. Ng8 Ne3 30. Nf6 Nxg2 31. Rd1+ Kc8 32. Rf1 c4 33. Kd2 b5 34.
Rf2 Nh4 35. Ke3 Nf5+ 36. Ke4 Ne7 37. Rg2 a5 38. Ne8 a4 39. Ng7 Kd7 40. Nxe6
Kxe6 41. a3 c5 42. c3 Kf7 43. Rb2 1-0

[Event "Madrid ch 2009 - Semifinal A"]
[Site "Madrid ESP"]
[Date "2009.01.28"]
[Round "9.6"]
[White "Rodriguez Gonzalez, Javier"]
[Black "Vukotic Jovsic, Dragan"]
[Result "1-0"]
[WhiteElo "2262"]
[BlackElo "1995"]
[PlyCount "69"]
[EventDate "2009.01.12"]
[EventType "swiss"]
[EventRounds "9"]
[EventCountry "ESP"]
[Source "lmi"]
[SourceDate "2009.01.12"]

1. d4 d5 2. Nf3 Nf6 3. Bg5 e6 4. e3 c5 5. Nbd2 Nbd7 6. c3 Qb6 7. Rb1 a5 8. Bd3
Be7 9. Qe2 O-O 10. Ne5 Re8 11. f4 Qc7 12. O-O c4 13. Bc2 b5 14. Rf3 Nf8 15. Rh3
g6 16. g4 Ra6 17. Qf2 Ne4 18. Nxe4 Bxg5 19. Nc5 Bf6 20. Nxa6 Bxa6 21. Rf1 b4
22. g5 Bxe5 23. fxe5 Bb5 24. Rf3 Re7 25. Rf6 b3 26. Bb1 bxa2 27. Bxa2 a4 28.
Bb1 Be8 29. h4 Qb6 30. h5 Rb7 31. hxg6 hxg6 32. Bxg6 Nxg6 33. Rxg6+ fxg6 34.
Qf8+ Kh7 35. Rf3 1-0